Sử dụng nước thải ao nuôi cá trê để nuôi tảo Spirulina sp. trong phòng thí nghiệm vào mùa mưa : Luận văn tốt nghiệp Đại học. Chuyên ngành Khoa học Môi trường

Khảo sát sự đáp ứng của các tỉ lệ nước thải ao nuôi cá trê đối với sự phát triển của tảo Spirulina sp. nhằm tìm ra hàm lượng dưỡng chất thích hợp cho tảo phát triển để đạt sinh khối cao nhất vào mùa mưa....

全面介紹

Đã lưu trong:
書目詳細資料
主要作者: Nguyễn, Thị Thanh Nhiễn
格式: 圖書
語言:Undetermined
出版: Cần Thơ Đại học Cần Thơ 2010
主題:
標簽: 添加標簽
沒有標簽, 成為第一個標記此記錄!
Thư viện lưu trữ: Trung tâm Học liệu Trường Đại học Cần Thơ
LEADER 01325nam a2200217Ia 4500
001 CTU_168084
008 210402s9999 xx 000 0 und d
082 |a 579.8 
082 |b Nh305 
100 |a Nguyễn, Thị Thanh Nhiễn 
245 0 |a Sử dụng nước thải ao nuôi cá trê để nuôi tảo Spirulina sp. trong phòng thí nghiệm vào mùa mưa : 
245 0 |b Luận văn tốt nghiệp Đại học. Chuyên ngành Khoa học Môi trường 
245 0 |c Nguyễn Thị Thanh Nhiễn; Trần Chấn Bắc (Cán bộ hướng dẫn) 
260 |a Cần Thơ 
260 |b Đại học Cần Thơ 
260 |c 2010 
520 |a Khảo sát sự đáp ứng của các tỉ lệ nước thải ao nuôi cá trê đối với sự phát triển của tảo Spirulina sp. nhằm tìm ra hàm lượng dưỡng chất thích hợp cho tảo phát triển để đạt sinh khối cao nhất vào mùa mưa. 
650 |a Agricultural Wastes,Chlorophyll,Chất thải nông nghiệp,Chất diệp lục 
650 |x Environmental aspects,Synthesis,Khía cạnh môi trường,Sự tổng hợp 
904 |i Năm 
980 |a Trung tâm Học liệu Trường Đại học Cần Thơ